| 000 | 00578nam a2200181Ia 4500 | ||
|---|---|---|---|
| 003 | GCL | ||
| 008 | 140319s9999 xx 000 0 ara d | ||
| 040 |
_aGCL / _cGCL |
||
| 082 | 0 | 4 |
_aد _b050 |
| 100 | 1 | _aمصطفى سويف | |
| 245 | 1 | 0 |
_aالمخدرات والمجتمع : نظرة تكاملية (عالم المعرفة 205) / _cمصطفى سويف |
| 300 | _a286 ص | ||
| 490 |
_aعالم المعرفة _v0 |
||
| 650 | 0 | 4 | _aادمان المخدرات |
| 650 | 0 | 4 | _aالاضطرابات النفسية |
| 650 | 0 | 4 | _aالمخدرات والمجتمع |
| 942 |
_2ddc _cBK |
||
| 999 |
_c46184 _d46184 |
||